Southville International School and Colleges
Your cart is empty.
  • Cart
  • Lists
    Public lists Eva Luna New books Lux_list list_1
    Your lists Log in to create your own lists
  • Log in to your account
  • Your cookies
  • Search history
Southville International School and Colleges
  • Advanced search
  • Recent comments
  • Most popular
  • Libraries

Log in to your account

Log in with GOOGLE


If you do not have an external account, but do have a local account, you can still log in:

  1. Home
  2. MARC view: When Hitler stole pink rabbit /
Normal view MARC view ISBD view

When Hitler stole pink rabbit / (Record no. 33289)

[ view plain ]
MARC details
000 -LEADER
fixed length control field 00705nam a2200277 4500
001 - CONTROL NUMBER
control field 4556183
003 - CONTROL NUMBER IDENTIFIER
control field OSt
005 - DATE AND TIME OF LATEST TRANSACTION
control field 20140310184243.0
008 - FIXED-LENGTH DATA ELEMENTS--GENERAL INFORMATION
fixed length control field 721102s1971 enka j 000 1 eng
010 ## - LIBRARY OF CONGRESS CONTROL NUMBER
LC control number 72192692
015 ## - NATIONAL BIBLIOGRAPHY NUMBER
National bibliography number B71-28108
020 ## - INTERNATIONAL STANDARD BOOK NUMBER
International Standard Book Number 0590381970
040 ## - CATALOGING SOURCE
Original cataloging agency DLC
Transcribing agency DLC
Modifying agency DLC
050 00 - LIBRARY OF CONGRESS CALL NUMBER
Classification number PZ 7
Item number .K46815Wh 1971
100 1# - MAIN ENTRY--PERSONAL NAME
Personal name Kerr, Judith.
9 (RLIN) 13203
245 10 - TITLE STATEMENT
Title When Hitler stole pink rabbit /
Statement of responsibility, etc Judith Kerr.
260 ## - PUBLICATION, DISTRIBUTION, ETC. (IMPRINT)
Place of publication, distribution, etc new york
Name of publisher, distributor, etc scholastic
Date of publication, distribution, etc 1971.
300 ## - PHYSICAL DESCRIPTION
Extent 191 p.:
Other physical details ill. ;
Dimensions 22 cm.
350 ## - PRICE (NR) (BK AM CF MU VM SE) [OBSOLETE]
Price £1.25
521 ## - TARGET AUDIENCE NOTE
Target audience note
526 ## - STUDY PROGRAM INFORMATION NOTE
Reading level 940
906 ## - LOCAL DATA ELEMENT F, LDF (RLIN)
a 7
b cbc
c orignew
d 4
e ncip
f 19
g y-gencatlg
942 ## - ADDED ENTRY ELEMENTS (KOHA)
Source of classification or shelving scheme Library of Congress Classification
Koha item type
Holdings
Withdrawn status Lost status Source of classification or shelving scheme Damaged status Home library Current library Shelving location Date acquired Source of acquisition Total Checkouts Full call number Barcode Date last seen Copy number Price effective from Koha item type
    Library of Congress Classification   Luxembourg Library Luxembourg Library Scholastic Reading Center Section 04/11/2012 Donation   PZ 7 .K46815Wh 1971 LEX0381 04/18/2017 1 01/30/2014 Books
    Library of Congress Classification   Luxembourg Library Luxembourg Library Scholastic Reading Center Section 10/07/2013 Donation   PZ 7 .K46815Wh 1971 LEX0793 04/18/2017 2 10/07/2013 Books

When Hitler stole pink rabbit /

APA

Kerr J., . (1971). When Hitler stole pink rabbit. new york: scholastic.

Chicago

Kerr Judith, . 1971. When Hitler stole pink rabbit. new york: scholastic.

Harvard

Kerr J., . (1971). When Hitler stole pink rabbit. new york: scholastic.

MLA

Kerr Judith, . When Hitler stole pink rabbit. new york: scholastic. 1971.

  • Place hold
  • Print
  • Cite
  • Add to your cart (remove)
  • Save record
    BIBTEX Dublin Core MARCXML MARC (non-Unicode/MARC-8) MARC (Unicode/UTF-8) MARC (Unicode/UTF-8, Standard) MODS (XML) RIS
  • More searches
    Search for this title in:
    Other Libraries (WorldCat) Other Databases (Google Scholar) Online Stores (Bookfinder.com) Open Library (openlibrary.org)

Exporting to Dublin Core...

SOUTHVILLE LIBRARY

Southville International School and Colleges Library

1281 Tropical Ave. Cor. Luxembourg St., BF Homes International, Las Pinas City

Tel. No. 8256374 / 252358 Loc. 117/146

Powered by Koha